The Manuscript - Taylor Swift (All Lyrics) - Statistics

General Stats
  • This quiz has been taken 708 times
  • The average score is 201 of 240
Answer Stats
Lyrics % Correct
the
100%
The
100%
a
99%
and
98%
And
98%
manuscript
98%
"No,
98%
then
98%
Then
98%
I
97%
she
97%
She
97%
Now
96%
reread
96%
on
94%
to
94%
was
94%
Was
94%
be
93%
is
93%
it"
93%
it
93%
but
92%
But
92%
He
92%
he
92%
Of
92%
of
92%
her
91%
rereads
91%
said,
91%
said
91%
you
91%
In
90%
in
90%
so
90%
that
90%
your
90%
as
89%
if
89%
mine
89%
They
89%
anymore
88%
good
88%
isn't
88%
my
88%
story
88%
at
87%
only
87%
were
87%
Were
87%
conversation
86%
half
86%
sex
86%
Soon
86%
soon
86%
who
86%
just
85%
over
85%
pushin'
85%
strollers
85%
affair
84%
"You're
84%
age
83%
"I'm
83%
their
83%
every
82%
for
82%
I'd
82%
not
82%
they'd
82%
had
81%
him,
81%
thing
81%
what
81%
bed
80%
boys
80%
dated
80%
heart
80%
own
80%
couldn't
79%
entire
79%
give
79%
left
79%
mother's
79%
One
79%
sleep
79%
that's
79%
thirty
79%
years
79%
needed
78%
wished
78%
kids'
77%
press
77%
samaritan"
77%
unless
77%
ate
76%
been
76%
cereal
76%
French
76%
last
76%
torrid
76%
With
76%
with
76%
from
75%
board
74%
know
74%
coffee
73%
knew
73%
morning
73%
professional"
73%
wasn't
73%
donor
72%
Like
72%
sure
72%
trip
72%
doors
71%
eyes
71%
passed
71%
way
71%
write
71%
made
70%
rolled
70%
beyond
69%
move
69%
wise
69%
backs
68%
boards
68%
dart
68%
forward
68%
Might
68%
professor
68%
shores
68%
above
66%
agony
66%
Lookin'
66%
actors
64%
backwards
64%
Everything
63%
marks
61%
Afterwards
60%
show
60%
scenes
59%
souvenir
59%
compared
57%
thought
57%
how
56%
hitting
55%
licenses
55%
fell
54%
about
53%
since
52%
tears
52%
score
51%
dance
49%
slow
47%
synchronicity
47%
sparks
36%
alight
34%
No matching quizzes found
Score Distribution
Percent of People with Each Score
Percentile by Number Answered
Your Score History
You have not taken this quiz